Ostriches and other flightless birds /

An introduction to the physical characteristics, habits, and natural environment of ostriches and a variety of other birds that do not fly including the rhea, emu, cassowary, kiwi, and tinamou.

Bibliographic Details
Main Author: Arnold, Caroline
Other Authors: Hewett, Richard (Illustrator)
Format: Book
Language:English
Published: Minneapolis : Carolrhoda Books, [1990]
Subjects:

MARC

Tag First Indicator Second Indicator Subfields
LEADER 00000cam a2200000 a 4500
001 in00001420607
005 20151020090430.0
008 890214s1990 mnua j 001 0 eng
010 |a  89000820  
020 |a 087614377X (lib. bdg.) :  |c $12.95 
035 |a (OCoLC)19322501 
035 |9 AHR8934AM 
040 |a DLC  |c DLC  |d UtOrBLW 
049 |a TXAG 
050 0 0 |a QL696.S9  |b A76 1990 
082 0 0 |a 598/.5  |2 19 
100 1 |a Arnold, Caroline. 
245 1 0 |a Ostriches and other flightless birds /  |c by Caroline Arnold ; photographs by Richard R. Hewett. 
264 1 |a Minneapolis :  |b Carolrhoda Books,  |c [1990] 
264 4 |c ©1990 
300 |a 47 pages :  |b color illustrations ;  |c 23 cm. 
336 |a text  |b txt  |2 rdacontent 
337 |a unmediated  |b n  |2 rdamedia 
338 |a volume  |b nc  |2 rdacarrier 
500 |a "A Carolrhoda nature watch book." 
500 |a Includes index. 
520 |a An introduction to the physical characteristics, habits, and natural environment of ostriches and a variety of other birds that do not fly including the rhea, emu, cassowary, kiwi, and tinamou. 
650 0 |a Ostriches  |v Juvenile literature. 
650 0 |a Flightless birds  |x Juvenile literature. 
650 1 |a Ostriches. 
650 1 |a Flightless birds. 
650 1 |a Birds. 
700 1 |a Hewett, Richard,  |e illustrator. 
999 |a MARS 
999 f f |s f61ec72f-6a0f-393a-8690-b8ade17309b6  |i 005561c4-6459-3748-bdaa-5339a59a231e  |t 0 
952 f f |p ric  |a Texas A&M University  |b Rellis Campus  |c Joint Library Facility  |d Remote Storage  |t 0  |e QL696.S9 A76 1990  |h Library of Congress classification  |i unmediated -- volume  |m A14822353866 
998 f f |a QL696.S9 A76 1990  |t 0  |l Remote Storage